[Event "FRA-ch 97th"]
[Site "L'Alpe d'Huez"]
[Date "2024.08.22"]
[Round "3.4"]
[White "Fressinet, Laurent"]
[Black "Laurent Paoli, Pierre"]
[Result "1/2-1/2"]
[WhiteElo "2625"]
[BlackElo "2570"]
[PlyCount "76"]
[EventDate "2024.08.16"]
[EventType "k.o."]
[EventRounds "4"]
[EventCountry "FRA"]
[SourceTitle "CB35_2024"]
[SourceDate "2024.08.28"]
[SourceVersion "1"]
[SourceVersionDate "2024.08.28"]
[SourceQuality "1"]

1. Nf3 Nf6 2. c4 e6 3. Nc3 d5 4. e3 Bd6 5. d4 0-0 6. b3 Nbd7 7. Bb2 Re8 8. Be2 dxc4 9. bxc4 c5 10. 0-0 a6 11. Na4 b6 12. Ne5 Bb7 13. Bf3 Bxf3 14. Qxf3 cxd4 15. exd4 b5 16. Nxd7 Nxd7 17. cxb5 axb5 18. Nc3 Nf6 19. g3 Ba3 20. Rab1 Bxb2 21. Rxb2 Qxd4 22. Rxb5 Ra3 23. Rb3 Rxb3 24. axb3 Qb4 25. Ne2 Rb8 26. Ra1 h6 27. Ra8 Rxa8 28. Qxa8+ Kh7 29. Qf3 Ne4 30. Kg2 f5 31. Nf4 Qb6 32. Qe3 Qc6 33. f3 e5 34. fxe4 exf4 35. Qxf4 fxe4 36. Qe3 Qc2+ 37. Kf1 Qd1+ 38. Kg2 Qc2+ 1/2-1/2

[Event "FRA-ch 97th"]
[Site "L'Alpe d'Huez"]
[Date "2024.08.22"]
[Round "3.5"]
[White "Laurent Paoli, Pierre"]
[Black "Fressinet, Laurent"]
[Result "1/2-1/2"]
[WhiteElo "2570"]
[BlackElo "2625"]
[PlyCount "78"]
[EventDate "2024.08.16"]
[EventType "k.o."]
[EventRounds "4"]
[EventCountry "FRA"]
[SourceTitle "CB35_2024"]
[SourceDate "2024.08.28"]
[SourceVersion "1"]
[SourceVersionDate "2024.08.28"]
[SourceQuality "1"]

1. d4 d5 2. c4 e6 3. Nc3 Nf6 4. Bg5 Be7 5. cxd5 exd5 6. e3 h6 7. Bh4 c6 8. Bd3 Ne4 9. Bxe7 Qxe7 10. Bxe4 dxe4 11. Nge2 0-0 12. 0-0 f5 13. Nf4 Kh7 14. d5 Nd7 15. dxc6 bxc6 16. Qa4 Ne5 17. Rad1 a5 18. Qd4 Rb8 19. b3 Ba6 20. Rfe1 Rfd8 21. Qa4 Qb4 22. Qxb4 axb4 23. Na4 Nd3 24. Nxd3 Bxd3 25. Nc5 Ra8 26. Rd2 Rd5 27. Rc1 Bb5 28. Rdc2 Re8 29. h4 g5 30. hxg5 hxg5 31. Nb7 Kg7 32. Na5 Bd3 33. Rc5 Ra8 34. Nxc6 Rxc5 35. Rxc5 Rc8 36. Nd4 Rxc5 37. Ne6+ Kf6 38. Nxc5 Bb1 39. Na6 Bxa2 1/2-1/2

[Event "FRA-ch 97th"]
[Site "L'Alpe d'Huez"]
[Date "2024.08.17"]
[Round "1.1"]
[White "Boyer, Mahel"]
[Black "Laurent Paoli, Pierre"]
[Result "0-1"]
[WhiteElo "2480"]
[BlackElo "2570"]
[PlyCount "100"]
[EventDate "2024.08.16"]
[EventType "k.o."]
[EventRounds "4"]
[EventCountry "FRA"]
[SourceTitle "CB35_2024"]
[SourceDate "2024.08.28"]
[SourceVersion "1"]
[SourceVersionDate "2024.08.28"]
[SourceQuality "1"]

1. e4 c5 2. Nf3 Nc6 3. Bb5 Nf6 4. Nc3 Qc7 5. 0-0 Nd4 6. Re1 a6 7. e5 Nxb5 8. exf6 Nxc3 9. fxg7 Bxg7 10. dxc3 d6 11. Bf4 e5 12. Qd2 Bg4 13. Nh4 0-0-0 14. Bh6 Bf6 15. Bg5 Qe7 16. Bxf6 Qxf6 17. g3 Rhg8 18. f4 Qh6 19. Ng2 Bf3 20. Rf1 e4 21. Ne1 Bg4 22. Qe3 Qe6 23. Rf2 f5 24. b4 Qc4 25. Rd2 cxb4 26. cxb4 Qxb4 27. c3 Qc5 28. Nc2 Rg7 29. Nd4 Rc7 30. Rc1 Kb8 31. Rb2 Rdc8 32. Rb3 Bh5 33. Kf2 Bf7 34. Rb4 Qxb4 35. cxb4 Rxc1 36. Kg2 R8c3 37. Qd2 e3 38. Qb2 Rc4 39. Kh3 Rd1 40. Nb3 Bh5 41. Nc5 dxc5 42. Qe5+ Ka8 43. Qxe3 cxb4 44. Qe6 Rc5 45. Qg8+ Ka7 46. Qxh7 Bg4+ 47. Kh4 Rd2 48. Kg5 Rxa2 49. h3 Bf3 50. Qe7 Rac2 0-1

[Event "Aix en Provence Dole op 2nd"]
[Site "Aix en Provence"]
[Date "2024.07.28"]
[Round "9"]
[White "Laurent Paoli, Pierre"]
[Black "Puranik, Abhimanyu Sameer"]
[Result "1/2-1/2"]
[WhiteElo "2560"]
[BlackElo "2634"]
[PlyCount "61"]
[EventDate "2024.07.20"]
[EventType "swiss"]
[EventRounds "9"]
[EventCountry "FRA"]
[SourceTitle "CB31_2024"]
[SourceDate "2024.07.31"]
[SourceVersion "1"]
[SourceVersionDate "2024.07.31"]
[SourceQuality "1"]

1. Nf3 Nf6 2. c4 e6 3. g3 d5 4. Bg2 Be7 5. 0-0 0-0 6. d4 dxc4 7. Ne5 Nd5 8. Nxc4 b5 9. Ne3 c6 10. Nc3 Nd7 11. Nexd5 exd5 12. e4 Nb6 13. exd5 b4 14. Ne2 Nxd5 15. Nf4 a5 16. Bd2 Bf6 17. Rc1 Bxd4 18. Nxd5 cxd5 19. Bxb4 axb4 20. Qxd4 Rxa2 21. Qxb4 Be6 22. Qd4 Qf6 23. Rfd1 Qxd4 24. Rxd4 Rxb2 25. Bxd5 Bxd5 26. Rxd5 g6 27. Rcd1 Kg7 28. R5d2 Rxd2 29. Rxd2 h5 30. h4 Re8 31. Kg2 1/2-1/2

[Event "Aix en Provence Dole op 2nd"]
[Site "Aix en Provence"]
[Date "2024.07.27"]
[Round "8"]
[White "Iniyan, Panneerseluam"]
[Black "Laurent Paoli, Pierre"]
[Result "1/2-1/2"]
[WhiteElo "2533"]
[BlackElo "2560"]
[PlyCount "129"]
[EventDate "2024.07.20"]
[EventType "swiss"]
[EventRounds "9"]
[EventCountry "FRA"]
[SourceTitle "CB31_2024"]
[SourceDate "2024.07.31"]
[SourceVersion "1"]
[SourceVersionDate "2024.07.31"]
[SourceQuality "1"]

1. d4 Nf6 2. c4 e6 3. Nc3 Bb4 4. e3 0-0 5. Bd3 d5 6. a3 Bxc3+ 7. bxc3 dxc4 8. Bxc4 c5 9. Nf3 Qc7 10. Be2 b6 11. Bb2 Ba6 12. c4 Nbd7 13. Rc1 Rac8 14. 0-0 Bb7 15. h3 Rfd8 16. Qb3 Nf8 17. Rfd1 cxd4 18. exd4 Ng6 19. a4 Ba8 20. d5 Qe7 21. Ba3 Qe8 22. d6 Bc6 23. Qe3 Bxa4 24. Rd2 e5 25. Bb2 Nd7 26. Ra1 Bc6 27. Rxa7 f6 28. Ne1 Nf4 29. Bg4 Qg6 30. Nd3 Nxg2 31. Qg3 Qh6 32. Bc1 Nf4 33. Rd1 f5 34. Nxe5 fxg4 35. Bxf4 Qxh3 36. Qxh3 gxh3 37. Nxc6 Rxc6 38. Rc7 Rc5 39. Kh2 Nf6 40. Re1 Rf5 41. Bg3 Nh5 42. Ree7 Nxg3 43. Rxg7+ Kf8 44. fxg3 Rxd6 45. Rxh7 Kg8 46. Rhg7+ Kf8 47. Kxh3 Rh5+ 48. Kg2 Rc5 49. Rcf7+ Ke8 50. Ra7 Kf8 51. Rgb7 Rd8 52. Rh7 Kg8 53. Rag7+ Kf8 54. Rc7 Rxc7 55. Rxc7 Rb8 56. Kf3 b5 57. c5 b4 58. c6 b3 59. Rb7 Rc8 60. c7 Kg7 61. Rxb3 Rxc7 62. Rb4 Rc6 63. Rg4+ Kf7 64. Rf4+ Kg7 65. Rg4+ 1/2-1/2

[Event "Aix en Provence Dole op 2nd"]
[Site "Aix en Provence"]
[Date "2024.07.22"]
[Round "3"]
[White "Laurent Paoli, Pierre"]
[Black "Lamard, Guillaume"]
[Result "1-0"]
[WhiteElo "2560"]
[BlackElo "2501"]
[PlyCount "73"]
[EventDate "2024.07.20"]
[EventType "swiss"]
[EventRounds "9"]
[EventCountry "FRA"]
[SourceTitle "CB31_2024"]
[SourceDate "2024.07.31"]
[SourceVersion "1"]
[SourceVersionDate "2024.07.31"]
[SourceQuality "1"]

1. e4 e5 2. Nf3 Nc6 3. Bb5 a6 4. Ba4 d6 5. 0-0 Bg4 6. h3 Bh5 7. Bxc6+ bxc6 8. d4 Nf6 9. Re1 Nd7 10. Be3 f6 11. Nbd2 Be7 12. c3 0-0 13. Nf1 Rb8 14. Ng3 Bf7 15. Qe2 Qc8 16. Nf5 Re8 17. dxe5 Nxe5 18. Nxe5 fxe5 19. Qg4 Bg6 20. h4 Bxf5 21. exf5 Rf8 22. Qc4+ Rf7 23. g4 h5 24. f3 Rxb2 25. Rab1 Qb7 26. Rxb2 Qxb2 27. Bg5 Bf8 28. Qb3 Qxb3 29. axb3 Be7 30. Ra1 Kh7 31. Rxa6 g6 32. Bxe7 Rxe7 33. f6 Re8 34. Rxc6 g5 35. Rxc7+ Kg6 36. hxg5 hxg4 37. Rg7+ 1-0

[Event "Aix en Provence Dole op 2nd"]
[Site "Aix en Provence"]
[Date "2024.07.20"]
[Round "1"]
[White "Laurent Paoli, Pierre"]
[Black "Bottazzi, Ulysse"]
[Result "1-0"]
[WhiteElo "2560"]
[BlackElo "2270"]
[PlyCount "85"]
[EventDate "2024.07.20"]
[EventType "swiss"]
[EventRounds "9"]
[EventCountry "FRA"]
[SourceTitle "CB31_2024"]
[SourceDate "2024.07.31"]
[SourceVersion "1"]
[SourceVersionDate "2024.07.31"]
[SourceQuality "1"]

1. d4 Nf6 2. c4 g6 3. Nc3 Bg7 4. e4 d6 5. Be2 0-0 6. h4 c5 7. d5 e6 8. h5 exd5 9. exd5 Re8 10. h6 Bh8 11. Bg5 Qb6 12. b3 Ne4 13. Nxe4 Rxe4 14. Kf1 Nd7 15. Nf3 Nf6 16. Rc1 Bg4 17. Bd3 Re5 18. Bf4 Rh5 19. Rxh5 Bxh5 20. Qd2 Bxf3 21. gxf3 Nd7 22. Bg3 Ne5 23. Kg2 Re8 24. Re1 Qd8 25. Bf1 Bf6 26. Re4 Rf8 27. Qe2 Qd7 28. Kg1 Qc8 29. f4 Nd7 30. Bh3 Qd8 31. Kg2 b6 32. Qg4 Nb8 33. f5 Na6 34. Qf4 Be5 35. Rxe5 dxe5 36. Qxe5 f6 37. Qe6+ Kh8 38. Bd6 Nc7 39. Qe7 Qxe7 40. Bxe7 Rf7 41. d6 Rxe7 42. dxe7 g5 43. Bg4 1-0

[Event "Benasque op 43rd"]
[Site "Benasque"]
[Date "2024.07.13"]
[Round "9"]
[White "Tejedor Fuente, Enrique"]
[Black "Laurent Paoli, Pierre"]
[Result "0-1"]
[WhiteElo "2404"]
[BlackElo "2560"]
[PlyCount "132"]
[EventDate "2024.07.05"]
[EventType "swiss"]
[EventRounds "10"]
[EventCountry "ESP"]
[SourceTitle "CB29_2024"]
[SourceDate "2024.05.01"]
[SourceVersion "1"]
[SourceVersionDate "2024.05.01"]
[SourceQuality "1"]

1. e4 c5 2. Nf3 e6 3. d4 cxd4 4. Nxd4 Nf6 5. Nc3 Nc6 6. Ndb5 d6 7. Bf4 e5 8. Bg5 a6 9. Na3 b5 10. Nd5 Be7 11. Bxf6 Bxf6 12. c3 Rb8 13. Nc2 Bg5 14. g3 0-0 15. Bg2 Be6 16. 0-0 a5 17. Nce3 Bxe3 18. Nxe3 Ne7 19. Qd3 Qb6 20. Rfd1 Rfd8 21. Rd2 a4 22. a3 Qc5 23. Re1 Nc6 24. Nd5 Na5 25. Red1 Nc4 26. Re2 Rf8 27. h3 Kh8 28. g4 Rbd8 29. Qg3 f6 30. Ne3 Rd7 31. Kh2 Rfd8 32. Nd5 Nb6 33. Nxb6 Qxb6 34. Qe3 Qc6 35. Red2 Bb3 36. Re1 Bc4 37. Red1 Kg8 38. Re1 Qc5 39. Kg3 Kf7 40. Qf3 Ke7 41. Re3 d5 42. exd5 Bxd5 43. Qe2 Bc4 44. Rxd7+ Rxd7 45. Qf3 Qc7 46. Qe4 Kf8 47. Qxh7 e4+ 48. f4 exf3+ 49. Kxf3 Qc6+ 50. Kg3 Qd6+ 51. Kf3 Bd5+ 52. Ke2 Bc4+ 53. Kf3 Qc6+ 54. Kg3 Qc7+ 55. Kf3 Qb7+ 56. Kg3 Qb8+ 57. Kf3 Rd2 58. Qh8+ Bg8 59. Bf1 Qb7+ 60. Kg3 Qc7+ 61. Kh4 Rd8 62. Bg2 g5+ 63. Kh5 Qg7 64. Qxg8+ Kxg8 65. Be4 Re8 66. Bd5+ Kh7 0-1

[Event "Benasque op 43rd"]
[Site "Benasque"]
[Date "2024.07.09"]
[Round "5"]
[White "Argandona Riveiro, Inigo"]
[Black "Laurent Paoli, Pierre"]
[Result "1-0"]
[WhiteElo "2341"]
[BlackElo "2560"]
[PlyCount "115"]
[EventDate "2024.07.05"]
[EventType "swiss"]
[EventRounds "10"]
[EventCountry "ESP"]
[SourceTitle "CB29_2024"]
[SourceDate "2024.05.01"]
[SourceVersion "1"]
[SourceVersionDate "2024.05.01"]
[SourceQuality "1"]

1. e4 e6 2. d4 d5 3. Nc3 Nf6 4. e5 Nfd7 5. f4 c5 6. Nf3 Nc6 7. Be3 a6 8. Qd2 b5 9. Qf2 Qa5 10. a4 Be7 11. Be2 b4 12. Nb1 cxd4 13. Nxd4 Nxd4 14. Bxd4 0-0 15. Nd2 f6 16. Nf3 fxe5 17. fxe5 Qc7 18. Bd3 Nc5 19. Bxc5 Bxc5 20. Qh4 g6 21. Qg5 Ra7 22. h4 Qe7 23. Qd2 Qf7 24. h5 Qf4 25. Qxf4 Rxf4 26. hxg6 hxg6 27. Rh6 Rg4 28. Rxg6+ Rxg6 29. Bxg6 Rg7 30. Bd3 Rxg2 31. 0-0-0 Rf2 32. Rg1+ Kf7 33. Rg3 a5 34. Rh3 Be3+ 35. Kb1 Bd7 36. Nh2 Bg5 37. Rh7+ Ke8 38. Bb5 Bxb5 39. axb5 Kd8 40. Ng4 Rf4 41. Nh6 Rf1+ 42. Ka2 Be3 43. Nf7+ Ke8 44. Nd6+ Kf8 45. Nc8 Bd4 46. Re7 a4 47. Rxe6 Rc1 48. Rf6+ Ke8 49. Rc6 Bxe5 50. Nb6 b3+ 51. cxb3 axb3+ 52. Kxb3 Rxc6 53. bxc6 Ke7 54. c7 Bxc7 55. Nxd5+ Kd6 56. Nxc7 Kxc7 57. Kb4 Kb6 58. b3 1-0

[Event "Benasque op 43rd"]
[Site "Benasque"]
[Date "2024.07.05"]
[Round "1"]
[White "Laplaza Ara, Carlos"]
[Black "Laurent Paoli, Pierre"]
[Result "0-1"]
[WhiteElo "1910"]
[BlackElo "2560"]
[PlyCount "76"]
[EventDate "2024.07.05"]
[EventType "swiss"]
[EventRounds "10"]
[EventCountry "ESP"]
[SourceTitle "CB29_2024"]
[SourceDate "2024.05.01"]
[SourceVersion "1"]
[SourceVersionDate "2024.05.01"]
[SourceQuality "1"]

1. d4 Nf6 2. c4 e6 3. Nc3 d5 4. Nf3 c6 5. cxd5 exd5 6. Bg5 h6 7. Bh4 Bf5 8. e3 Nbd7 9. Bd3 Bxd3 10. Qxd3 Be7 11. 0-0 0-0 12. a3 a5 13. b3 Re8 14. Rfc1 Bd6 15. Bg3 Ne4 16. Bxd6 Nxd6 17. Nd2 Qe7 18. b4 axb4 19. axb4 b5 20. Nb3 Nc4 21. Nc5 Nxc5 22. dxc5 Qf6 23. Qd4 Qxd4 24. exd4 Nb2 25. Rcb1 Nd3 26. Ra5 Rxa5 27. bxa5 Ra8 28. Ra1 b4 29. Nb1 Nc1 30. a6 Ne2+ 31. Kf1 Nxd4 32. Nd2 Nb5 33. Nb3 Na3 34. Nd4 Rxa6 35. Nc2 b3 36. Nxa3 b2 37. Rb1 Rxa3 38. Rxb2 Rc3 0-1

[Event "FRA-chT Top 16 GpA"]
[Site "Chartres"]
[Date "2024.06.04"]
[Round "6.20"]
[White "Laurent Paoli, Pierre"]
[Black "Ramirez Garcia, Jorge Alberto"]
[Result "1-0"]
[WhiteElo "2576"]
[BlackElo "2266"]
[PlyCount "81"]
[EventDate "2024.05.30"]
[EventType "team-tourn"]
[EventRounds "7"]
[EventCountry "FRA"]
[SourceTitle "CB24_2024"]
[SourceDate "2024.06.12"]
[SourceVersion "1"]
[SourceVersionDate "2024.06.12"]
[SourceQuality "1"]
[WhiteTeam "Marseille"]
[BlackTeam "Paris Club 608"]
[WhiteTeamCountry "FRA"]
[BlackTeamCountry "FRA"]

1. d4 d5 2. c4 e6 3. Nf3 Nf6 4. Nc3 Nbd7 5. cxd5 exd5 6. Qc2 Be7 7. Bf4 c6 8. h3 0-0 9. e3 Re8 10. Bd3 Nf8 11. 0-0 Ne6 12. Bh2 g6 13. Rab1 a5 14. a3 Ng7 15. b4 Bf5 16. Ne5 axb4 17. axb4 Bd6 18. Bxf5 Nxf5 19. Na4 Nd7 20. Nc5 Bxe5 21. dxe5 Nxe5 22. Nxb7 Qb6 23. Nc5 Nc4 24. e4 Na3 25. Qb2 dxe4 26. Nd7 Qd4 27. Nf6+ Kf8 28. Qxd4 Nxd4 29. Bd6+ Kg7 30. Nxe8+ Rxe8 31. Rbd1 Ndc2 32. Bc5 Rb8 33. Rd7 Nxb4 34. Ra1 Nac2 35. Raa7 Kf6 36. Rxf7+ Ke6 37. Rfe7+ Kd5 38. Bxb4 Rxb4 39. Rad7+ Kc5 40. Re5+ Kb6 41. Rxh7 1-0

[Event "Basel Swiss YM"]
[Site "Basel"]
[Date "2024.04.05"]
[Round "7"]
[White "Richter, Nils"]
[Black "Laurent Paoli, Pierre"]
[Result "0-1"]
[WhiteElo "2400"]
[BlackElo "2537"]
[PlyCount "110"]
[EventDate "2024.03.30"]
[EventType "tourn"]
[EventRounds "9"]
[EventCountry "SUI"]
[EventCategory "4"]
[SourceTitle "CB15_2024"]
[SourceDate "2024.04.10"]
[SourceVersion "1"]
[SourceVersionDate "2024.04.10"]
[SourceQuality "1"]

1. c4 e5 2. Nc3 Bb4 3. Nd5 Be7 4. d4 d6 5. e4 Nf6 6. Nxe7 Qxe7 7. f3 Nfd7 8. Ne2 f5 9. exf5 exd4 10. Qxd4 Nc6 11. Qe4 Nce5 12. Ng3 Nc5 13. Qe3 h5 14. Ne4 Bxf5 15. Nxc5 dxc5 16. Be2 Nc6 17. Qxe7+ Kxe7 18. Be3 Nd4 19. Rd1 Kf6 20. Bxd4+ cxd4 21. Rxd4 Rad8 22. Rd2 h4 23. Kd1 Ke5 24. Kc1 Kf4 25. Rhd1 Rxd2 26. Kxd2 Rd8+ 27. Ke1 Rxd1+ 28. Bxd1 Ke3 29. c5 Be6 30. a3 Bd5 31. h3 Kd3 32. Ba4 a5 33. Kf2 Kd2 34. g3 hxg3+ 35. Kxg3 Kc1 36. b4 axb4 37. axb4 Kd2 38. Bd7 Kc3 39. b5 Kb4 40. b6 c6 41. Bc8 Kxc5 42. Bxb7 Kxb6 43. Ba8 Kc7 44. Kf4 Kd6 45. Bb7 c5 46. Ba6 c4 47. Ke3 Kc5 48. f4 Be6 49. h4 Bf5 50. Bb7 c3 51. Bf3 Kc4 52. Be2+ Kb3 53. Bd1+ Kb2 54. Kd4 Be6 55. h5 Bg4 0-1

[Event "Basel Swiss YM"]
[Site "Basel"]
[Date "2024.04.01"]
[Round "3"]
[White "Laurent Paoli, Pierre"]
[Black "Schlegel, Igor"]
[Result "1-0"]
[WhiteElo "2537"]
[BlackElo "2196"]
[PlyCount "67"]
[EventDate "2024.03.30"]
[EventType "tourn"]
[EventRounds "9"]
[EventCountry "SUI"]
[EventCategory "4"]
[SourceTitle "CB15_2024"]
[SourceDate "2024.04.10"]
[SourceVersion "1"]
[SourceVersionDate "2024.04.10"]
[SourceQuality "1"]

1. d4 d5 2. c4 e6 3. Nf3 Nf6 4. Nc3 dxc4 5. e4 b5 6. e5 Nd5 7. Nxb5 Nb6 8. Be2 Nc6 9. Be3 Be7 10. a3 Bb7 11. Qc2 Na5 12. Rd1 Qd7 13. Nc3 0-0-0 14. 0-0 f5 15. d5 exd5 16. Nd4 g6 17. Ncb5 a6 18. Qc3 Nb3 19. e6 Qe8 20. Nxc7 Kxc7 21. Nxb3 Na4 22. Bf4+ Bd6 23. Qa5+ Kb8 24. Bxd6+ Rxd6 25. Nd4 Ka8 26. b3 Nb6 27. Qb4 Rxe6 28. Nxe6 Qxe6 29. Bf3 cxb3 30. Rfe1 Qf6 31. Qxb3 g5 32. Rb1 Ka7 33. a4 Ba8 34. Re7+ 1-0

[Event "Rochefort op 22nd"]
[Site "Rochefort"]
[Date "2024.02.19"]
[Round "4"]
[White "Sivuk, Vitaly"]
[Black "Laurent Paoli, Pierre"]
[Result "1/2-1/2"]
[WhiteElo "2520"]
[BlackElo "2537"]
[PlyCount "134"]
[EventDate "2024.02.17"]
[EventType "swiss"]
[EventRounds "9"]
[EventCountry "FRA"]
[SourceTitle "CB09_2024"]
[SourceDate "2024.02.28"]
[SourceVersion "1"]
[SourceVersionDate "2024.02.28"]
[SourceQuality "1"]

1. d4 Nf6 2. c4 e6 3. Nf3 d5 4. Nc3 Bb4 5. e3 0-0 6. Bd2 Nbd7 7. a3 Be7 8. Qc2 dxc4 9. Bxc4 c5 10. 0-0 a6 11. dxc5 Nxc5 12. b4 Ncd7 13. Nd4 Ne5 14. Be2 Bd7 15. f4 Nc6 16. Nf3 Rc8 17. Rac1 b5 18. Qb1 Qb6 19. Ng5 Nd4 20. Bd3 Nf5 21. Kh1 h6 22. e4 Ne3 23. Bxe3 Qxe3 24. e5 hxg5 25. exf6 gxf6 26. Nd5 Rxc1 27. Nxe7+ Kg7 28. Qxc1 Qxc1 29. Rxc1 Re8 30. Ng6 fxg6 31. Rc7 Rd8 32. fxg5 fxg5 33. Kg1 Kf6 34. Be4 Be8 35. Kf2 Rd6 36. Ke3 Ke5 37. Rc8 Bd7 38. Rg8 Bc6 39. Bc2 Bxg2 40. Rxg6 Bh3 41. Rxg5+ Bf5 42. h4 Rc6 43. Bxf5 exf5 44. h5 Rc3+ 45. Kf2 Rxa3 46. h6 Rh3 47. Rg6 Kd5 48. Rxa6 Kc4 49. Kg2 Rh5 50. Kg3 Kxb4 51. Kf4 Kc5 52. Rf6 Kc4 53. Rc6+ Kb3 54. Rg6 b4 55. Ke5 Kc4 56. Kf6 b3 57. Kg7 b2 58. Rb6 Kc3 59. Rc6+ Kd2 60. Rd6+ Kc1 61. Rc6+ Kb1 62. h7 Rxh7+ 63. Kxh7 f4 64. Rf6 f3 65. Rxf3 Ka2 66. Rf2 Ka1 67. Rxb2 Kxb2 1/2-1/2

[Event "Rochefort op 22nd"]
[Site "Rochefort"]
[Date "2024.02.18"]
[Round "3"]
[White "Laurent Paoli, Pierre"]
[Black "Mekhane, Adam"]
[Result "1-0"]
[WhiteElo "2537"]
[BlackElo "2300"]
[PlyCount "40"]
[EventDate "2024.02.17"]
[EventType "swiss"]
[EventRounds "9"]
[EventCountry "FRA"]
[SourceTitle "CB09_2024"]
[SourceDate "2024.02.28"]
[SourceVersion "1"]
[SourceVersionDate "2024.02.28"]
[SourceQuality "1"]

1. d4 Nf6 2. c4 e6 3. Nc3 Bb4 4. e3 0-0 5. a3 Bxc3+ 6. bxc3 c5 7. Bd3 Nc6 8. Rb1 d6 9. Ne2 b6 10. e4 e5 11. d5 Ne7 12. f3 Ne8 13. g4 g6 14. Ng3 f5 15. exf5 gxf5 16. Bg5 Ng7 17. Qc2 Qe8 18. 0-0 Qf7 19. Bxe7 Qxe7 20. gxf5 h5 1-0

[Event "Hastings Masters op"]
[Site "Hastings"]
[Date "2023.12.29"]
[Round "2"]
[White "Laurent Paoli, Pierre"]
[Black "Beaumont, Chris"]
[Result "1-0"]
[WhiteElo "2524"]
[BlackElo "2236"]
[PlyCount "137"]
[EventDate "2023.12.28"]
[EventType "swiss"]
[EventRounds "9"]
[EventCountry "ENG"]
[SourceTitle "CB02_2024"]
[SourceDate "2024.01.10"]
[SourceVersion "1"]
[SourceVersionDate "2024.01.10"]
[SourceQuality "1"]

1. e4 g6 2. d4 d6 3. c4 Nf6 4. Nc3 Bg7 5. f4 0-0 6. Nf3 c5 7. d5 e6 8. Be2 exd5 9. cxd5 Nbd7 10. 0-0 Re8 11. Qc2 Qc7 12. Kh1 a6 13. a4 Rb8 14. Nd2 c4 15. Nxc4 b5 16. axb5 axb5 17. Nxd6 Qxd6 18. e5 Qc7 19. d6 Qc5 20. Qd3 Nxe5 21. fxe5 Rxe5 22. Bf4 Bf5 23. Qg3 Ree8 24. d7 Nxd7 25. Bxb8 Rxb8 26. Bg4 Bxg4 27. Qxg4 Ne5 28. Qe4 Qc4 29. Rfd1 Qxe4 30. Nxe4 Nc4 31. Ra7 Bxb2 32. Ng5 Ne5 33. Rf1 Bd4 34. Re7 b4 35. Nxf7 Nxf7 36. Rfxf7 b3 37. Rb7 Rxb7 38. Rxb7 b2 39. g4 Bf6 40. Kg2 Be5 41. h3 Bf6 42. Kf3 Bc3 43. Ke4 Bf6 44. Kd5 Bc3 45. Ke6 Kf8 46. h4 Kg8 47. h5 gxh5 48. gxh5 h6 49. Kf5 Kf8 50. Kg6 Bd2 51. Rxb2 Bc1 52. Rb7 Bg5 53. Ra7 Bc1 54. Rf7+ Ke8 55. Rf1 Bg5 56. Kg7 Ke7 57. Re1+ Kd6 58. Kg6 Kd7 59. Kf7 Kd6 60. Re8 Bf4 61. Re6+ Kd5 62. Kf6 Bg5+ 63. Kf5 Bc1 64. Re1 Bg5 65. Rd1+ Kc6 66. Rg1 Be3 67. Rg3 Bd2 68. Rg2 Be3 69. Ke4 1-0

[Event "Hastings Masters op"]
[Site "Hastings"]
[Date "2023.12.28"]
[Round "1"]
[White "Obioma, Onuoha"]
[Black "Laurent Paoli, Pierre"]
[Result "0-1"]
[WhiteElo "1995"]
[BlackElo "2524"]
[PlyCount "80"]
[EventDate "2023.12.28"]
[EventType "swiss"]
[EventRounds "9"]
[EventCountry "ENG"]
[SourceTitle "CB02_2024"]
[SourceDate "2024.01.10"]
[SourceVersion "1"]
[SourceVersionDate "2024.01.10"]
[SourceQuality "1"]

1. e4 c5 2. Nf3 Nc6 3. d4 cxd4 4. Nxd4 Nf6 5. Nc3 e5 6. Nxc6 bxc6 7. Bc4 Bb4 8. 0-0 0-0 9. Bg5 h6 10. Bxf6 Qxf6 11. Qd3 a5 12. Rad1 a4 13. a3 Bc5 14. Qg3 d6 15. Rd3 h5 16. h4 Bg4 17. Kh1 Rfb8 18. b4 axb3 19. Bxb3 Rxa3 20. f3 Bc8 21. Rb1 Rba8 22. Bc4 g6 23. Ne2 R3a4 24. Bb3 Ra1 25. Rdd1 Rxb1 26. Rxb1 Kg7 27. Ng1 Be6 28. Rf1 Bxb3 29. cxb3 Ra3 30. Rb1 Qe6 31. f4 exf4 32. Qxf4 Rxb3 33. Rxb3 Qxb3 34. Nf3 Qe3 35. Qxe3 Bxe3 36. g3 f5 37. exf5 gxf5 38. Kg2 Kf6 39. Kf1 c5 40. Ke2 Bd4 0-1

[Event "Bundesliga 2324"]
[Site "Germany"]
[Date "2023.12.02"]
[Round "3.4"]
[White "Ferreira, Jorge Viterbo"]
[Black "Laurent Paoli, Pierre"]
[Result "1/2-1/2"]
[WhiteElo "2525"]
[BlackElo "2533"]
[PlyCount "60"]
[EventDate "2023.10.21"]
[EventType "team-tourn"]
[EventRounds "15"]
[EventCountry "GER"]
[SourceTitle "CB49_2023"]
[SourceDate "2023.12.06"]
[SourceVersion "1"]
[SourceVersionDate "2023.12.06"]
[SourceQuality "1"]
[WhiteTeam "Heimbach Weis Neuwied"]
[BlackTeam "Oetigheim"]
[WhiteTeamCountry "GER"]
[BlackTeamCountry "GER"]

1. c4 e6 2. Nf3 d5 3. g3 Nc6 4. Bg2 d4 5. 0-0 Be7 6. d3 Nf6 7. e3 dxe3 8. Bxe3 e5 9. h3 0-0 10. Nc3 h6 11. d4 exd4 12. Nxd4 Nxd4 13. Qxd4 c6 14. Qxd8 Rxd8 15. Rfd1 Be6 16. b3 a5 17. Na4 Rxd1+ 18. Rxd1 Nd7 19. f4 g5 20. Kf2 Re8 21. g4 gxf4 22. Bxf4 Nc5 23. Nxc5 Bxc5+ 24. Kg3 Kg7 25. Bc7 Bb4 26. Rd8 Rxd8 27. Bxd8 Bd6+ 28. Kf2 a4 29. Be4 axb3 30. axb3 b5 1/2-1/2

[Event "Bundesliga 2324"]
[Site "Germany"]
[Date "2023.10.21"]
[Round "1.6"]
[White "Laurent Paoli, Pierre"]
[Black "Kramer, Julian"]
[Result "1-0"]
[WhiteElo "2533"]
[BlackElo "2480"]
[PlyCount "108"]
[EventDate "2023.10.21"]
[EventType "team-tourn"]
[EventRounds "15"]
[EventCountry "GER"]
[SourceTitle "Mega2024 Update 01"]
[Source "Chessbase"]
[SourceDate "2023.11.12"]
[SourceVersion "1"]
[SourceVersionDate "2023.11.12"]
[SourceQuality "1"]
[WhiteTeam "Oetigheim"]
[BlackTeam "Hamburger SK"]
[WhiteTeamCountry "GER"]
[BlackTeamCountry "GER"]

1. e4 c5 2. Nf3 d6 3. d4 cxd4 4. Nxd4 Nf6 5. Nc3 Nc6 6. Bg5 e6 7. Qd2 a6 8. Nxc6 bxc6 9. 0-0-0 Be7 10. Bxf6 gxf6 11. Bc4 Bb7 12. Qe3 Qa5 13. Rd2 0-0-0 14. Rhd1 Kc7 15. Kb1 h5 16. f4 f5 17. exf5 Qxf5 18. Bd3 Qa5 19. Ne4 Qb6 20. Qe2 Kb8 21. Ng5 Bf6 22. c3 Rd7 23. Ka1 h4 24. Qg4 Qd8 25. Ne4 Be7 26. Ng5 Bf6 27. Ne4 Be7 28. Ng5 Qg8 29. Qe2 Bxg5 30. fxg5 Qxg5 31. Bxa6 d5 32. Rd4 Qh5 33. Qf1 c5 34. Ra4 Rhd8 35. Bxb7 Rxb7 36. Re1 Qg5 37. Qf2 c4 38. a3 Rg8 39. Rb1 Rc8 40. Ra6 Rcc7 41. g3 hxg3 42. hxg3 Rc8 43. Rf1 Qe7 44. g4 Qd7 45. Rb6 Rcc7 46. Rh1 Qe8 47. g5 Rxb6 48. Qxb6+ Rb7 49. Qd4 Qb5 50. Rh8+ Kc7 51. Qf2 Kc6 52. Rc8+ Kd6 53. Rd8+ Ke5 54. g6 fxg6 1-0